Raise high the roof beam, carpenters

Պահպանված է:
Մատենագիտական մանրամասներ
Հիմնական հեղինակ: Salinger, Jerome David (Հեղինակ)
Ձևաչափ: Գիրք
Լեզու:անգլերեն
Հրապարակվել է: Harmondsworth Penguin Books 1964
Խորագրեր:
Ցուցիչներ: Ավելացրեք ցուցիչ
Չկան պիտակներ, Եղեք առաջինը, ով նշում է այս գրառումը!

MARC

LEADER 00000nam a2200000 a 4500
001 UCQ4771
003 CL-VaPUC
008 980910e19640000uk |||||||||||||||||eng|d
082 0 4 |a 813  |b SAL  |2 21 
100 0 |a Salinger, Jerome David  |e author  |9 418963 
245 1 0 |a Raise high the roof beam, carpenters 
246 1 0 |a Seymour: an introduction 
300 |a 156 p 
942 |c BK 
945 |d 19980910 00:00:00  |a crobeson 
260 |a Harmondsworth  |b Penguin Books  |c 1964 
650 0 |a Novelas estadounidenses  |9 265217 
650 0 |a Literatura estadounidense  |9 317168 
583 |a last modification  |c 20171204 02:54:31  |k Rodrigo Vera 
999 |c 275073  |d 275071 
952 |0 0  |1 0  |4 0  |6 813_000000000000000_SAL_1964  |7 0  |8 A  |9 311616  |a BIBEDU  |b BIBEDU  |d 2019-11-20  |i 146535K  |o 813 SAL 1964  |p 146535K  |r 2019-11-20  |w 2019-11-20  |y BK  |k LIT